000 01139nam a2200253 4500
001 44410
003 BD-RjUL
005 20211209053843.0
008 160717s1958 ii ||||| |||| 001 0db d
020 _c: IRs.6.50
035 _a(BD-RjUL)44528
040 _aBD-RjUL
_bben/eng
_cBD-RjUL
_dBD-RjUL
041 _aben
082 _223
_a891.44109
_bDEB 1958
100 1 0 _aদেবী, প্রভাময়ী
_9136318
245 1 0 _aবাংলা আখ্যায়িকা-কাব্য :
_b(১৮৫০-১৯০০) /
_cপ্রভাময়ী দেবী
260 _aকলিকাতা :
_bকলিকাতা বিশ্ববিদ্যালয়,
_c১৯৫৮
300 _a[১২], ৪৩৮ পৃ.
_c২২ সেমি.
500 _a"বইটি লেখক কর্তৃক কলিকাতা বিশ্ববিদ্যালয়ে ড
500 _aনির্ঘন্ট সংযুক্ত
650 _aবাংলা কাব্য
_9136319
_xইতিহাস ও সমালোচনা
650 _aBengali poetry
_9120851
_xHistory and Criticism
942 _2ddc
_cBK
999 _c44410
_d44410